Possibilities of agri-tourism in the Integro Micro-region

Charakteristika mikroregiónu Integro (Libčeves - Česko). Charakter krajiny. Atraktívnosť mikroregińu pre turistiku. Infraštruktúra cestovného ruchu. SWOT analýza mikroregiónu.

Gespeichert in:
Bibliographische Detailangaben
1. Verfasser: Zuzák, Roman
Weitere Verfasser: Hořejší, Petra
Format: Buchkapitel
Sprache:Englisch
Schlagworte:
Tags: Tag hinzufügen
Keine Tags, Fügen Sie das erste Tag hinzu!

MARC

LEADER 00000naa$a2200000$$$4500
001 0012568
005 20231113140106.0
041 0 |a eng 
044 |a CZ 
245 1 0 |a Possibilities of agri-tourism in the Integro Micro-region  |c aut. Roman Zuzák, Petra Hořejší 
520 |a Charakteristika mikroregiónu Integro (Libčeves - Česko). Charakter krajiny. Atraktívnosť mikroregińu pre turistiku. Infraštruktúra cestovného ruchu. SWOT analýza mikroregiónu. 
610 2 0 |a mikroregióny 
610 2 0 |a analýza swot 
610 2 0 |a Česko 
610 2 0 |a agroturistika 
610 2 0 |a ruch cestovný 
100 1 |a Zuzák, Roman 
700 1 |a Hořejší, Petra